[Event "Pardubice Open A"]
[Site "?"]
[Date "2015.07.29"]
[Round "6.44"]
[White "MALAKHOV, Igor"]
[Black "SYLVAN, Jacob"]
[Result "1-0"]
[WhiteElo "2440"]
[BlackElo "2320"]
[PlyCount "63"]
[EventDate "2015.??.??"]
[WhiteClock "0:15:42"]
[BlackClock "0:28:51"]

1. Nf3 Nf6 2. c4 g6 3. d4 Bg7 4. g3 O-O 5. Bg2 d6 6. O-O Nbd7 7. Nc3 e5 8. e3
Re8 9. b3 c6 10. Ba3 e4 11. Nd2 d5 12. f3 exf3 13. Qxf3 Nb6 14. c5 Nbd7 15. e4
dxe4 16. Ndxe4 Re7 17. Rad1 Nxe4 18. Nxe4 f5 19. Nc3 Nf6 20. d5 Qa5 21. d6 Re5
22. Nb1 Bd7 23. b4 Qa4 24. Bb2 Re6 25. Qa3 Qxa3 26. Nxa3 Re2 27. Nc4 Be6 28.
Bxf6 Bxf6 29. Na5 Bc3 30. Nxb7 Bd7 31. b5 cxb5 32. Bd5+ 1-0

[Event "Pardubice Open A"]
[Site "?"]
[Date "2015.07.29"]
[Round "6.45"]
[White "HEINEMANN, Josefine"]
[Black "LUGOVSKOY, Maxim"]
[Result "1-0"]
[WhiteElo "2286"]
[BlackElo "2432"]
[PlyCount "100"]
[EventDate "2015.??.??"]
[WhiteClock "0:56:10"]
[BlackClock "0:29:30"]

1. e4 e6 2. d4 d5 3. Nc3 Bb4 4. e5 c5 5. a3 Bxc3+ 6. bxc3 Ne7 7. Qg4 Qc7 8.
Qxg7 Rg8 9. Qxh7 cxd4 10. Ne2 Nbc6 11. f4 dxc3 12. Qd3 d4 13. Nxd4 Nxd4 14.
Qxd4 Bd7 15. Rg1 Nf5 16. Qf2 Qc6 17. Bd3 Qd5 18. Rb1 Bc6 19. Rb3 O-O-O 20. Rxc3
Kb8 21. g4 Nd4 22. Rg3 Qh1+ 23. Bf1 Qe4+ 24. Rge3 Qd5 25. h3 Qa2 26. Red3 Qa1
27. Qe3 Be4 28. Qxe4 Qxc1+ 29. Kf2 Nc6 30. Be2 Rd5 31. Rxd5 exd5 32. Qf5 Rd8
33. Qxf7 d4 34. Rb3 Na5 35. Rd3 Rc8 36. e6 Nc4 37. e7 Nd6 38. Qf8 Qxc2 39. Rxd4
Qc5 40. Qg7 Re8 41. Qe5 Qxe5 42. fxe5 Nc8 43. Rd8 Rxe7 44. g5 Kc7 45. Rd5 Nb6
46. Rc5+ Kb8 47. Bg4 a6 48. h4 Na4 49. Rc8+ Ka7 50. g6 Nb6 1-0

[Event "Pardubice Open A"]
[Site "?"]
[Date "2015.07.29"]
[Round "6.46"]
[White "KUBIK, Michael"]
[Black "AKESSON, Ralf"]
[Result "0-1"]
[WhiteElo "2275"]
[BlackElo "2428"]
[PlyCount "72"]
[EventDate "2015.??.??"]
[WhiteClock "0:00:34"]
[BlackClock "0:01:32"]

1. d4 Nf6 2. c4 e6 3. Nf3 d5 4. Nc3 Be7 5. Bf4 O-O 6. e3 c5 7. dxc5 Bxc5 8. Qc2
Nc6 9. a3 Bd6 10. Bxd6 Qxd6 11. Rd1 Rd8 12. cxd5 exd5 13. Nb5 Qe7 14. Be2 Bg4
15. O-O Rac8 16. Qb1 Ne4 17. Qa2 h5 18. h3 Bxf3 19. Bxf3 g6 20. Nc3 Nxc3 21.
bxc3 Ne5 22. Bxd5 Rxc3 23. a4 b6 24. Rd4 Rdc8 25. Qb1 Kg7 26. Qe4 Qf6 27. Rfd1
R8c7 28. R4d2 Rc1 29. Qd4 Rxd1+ 30. Rxd1 Rc2 31. Rf1 Nc6 32. Qe4 Rc5 33. f4 Ne7
34. Bb3 Nf5 35. Qe8 Rc3 36. Bd5 Nxe3 0-1

[Event "Pardubice Open A"]
[Site "?"]
[Date "2015.07.29"]
[Round "6.47"]
[White "STELLA, Andrea"]
[Black "MISHUCHKOV, Nikolai M"]
[Result "1-0"]
[WhiteElo "2427"]
[BlackElo "2320"]
[PlyCount "119"]
[EventDate "2015.??.??"]
[WhiteClock "0:43:50"]
[BlackClock "0:29:04"]

1. c4 e6 2. g3 d5 3. Bg2 dxc4 4. Qa4+ Nd7 5. Qxc4 c5 6. Nf3 Ngf6 7. d3 Bd6 8.
a4 O-O 9. Nc3 Nb6 10. Qb3 e5 11. Bg5 Be6 12. Qc2 Nbd5 13. Nd2 Be7 14. O-O Nb4
15. Qc1 Nfd5 16. Bxe7 Qxe7 17. Nde4 Rac8 18. Ng5 Nxc3 19. bxc3 Nc6 20. Nxe6
Qxe6 21. a5 b6 22. axb6 axb6 23. Qb2 Rb8 24. Ra6 Ne7 25. Rb1 Nc8 26. Qa2 Qxa2
27. Rxa2 Rd8 28. Rab2 Kf8 29. c4 Ke7 30. Bh3 e4 31. Bxc8 Rbxc8 32. dxe4 Rd4 33.
f3 Rxc4 34. Rxb6 Rc7 35. Kf2 Rc2 36. Ke3 Rc3+ 37. Kd2 Ra3 38. R1b3 Ra2+ 39. Rb2
Ra3 40. R6b3 Ra1 41. h4 Rg1 42. g4 h5 43. gxh5 Rh1 44. Rb7 Kd7 45. R2b5 c4 46.
Rd5+ Kc8 47. Rxc7+ Kxc7 48. Rf5 f6 49. h6 gxh6 50. Rxf6 Rxh4 51. Kc3 Rh2 52.
Kxc4 Rxe2 53. Rxh6 Rd2 54. Rh5 Rf2 55. Rf5 Kd6 56. Kd4 Re2 57. Rh5 Ra2 58. Rh6+
Ke7 59. Ke5 Ra5+ 60. Kf4 1-0

[Event "Pardubice Open A"]
[Site "?"]
[Date "2015.07.29"]
[Round "6.48"]
[White "ZUMSANDE, Martin"]
[Black "RJABZEV, Konstantin"]
[Result "1-0"]
[WhiteElo "2423"]
[BlackElo "2314"]
[PlyCount "69"]
[EventDate "2015.??.??"]
[WhiteClock "0:15:28"]
[BlackClock "0:41:59"]

1. e4 e5 2. Nf3 Nc6 3. d4 exd4 4. Nxd4 Bb4+ 5. c3 Bc5 6. Be3 Bb6 7. Nf5 Bxe3 8.
Nxe3 d6 9. g3 Nf6 10. Bg2 O-O 11. c4 a5 12. Nc3 Nd7 13. O-O Nc5 14. Qd2 f5 15.
exf5 Bxf5 16. Nxf5 Rxf5 17. Rae1 Rf8 18. f4 Qd7 19. Nd5 Rae8 20. Rxe8 Rxe8 21.
f5 Ne4 22. Bxe4 Rxe4 23. Nf6+ gxf6 24. Qd5+ Kg7 25. Qxe4 Ne5 26. Qxb7 Nxc4 27.
b3 Ne3 28. Re1 Nxf5 29. Rc1 Qe6 30. Qxc7+ Kg6 31. Qc3 d5 32. Qd3 d4 33. Rc5
Qe3+ 34. Qxe3 Nxe3 35. Kf2 1-0

[Event "Pardubice Open A"]
[Site "?"]
[Date "2015.07.29"]
[Round "6.49"]
[White "CHUDINOVSKIKH, Alexander M"]
[Black "KOBO, Ori"]
[Result "1-0"]
[WhiteElo "2257"]
[BlackElo "2422"]
[PlyCount "77"]
[EventDate "2015.??.??"]
[WhiteClock "0:15:18"]
[BlackClock "0:05:38"]

1. e4 e5 2. Nf3 Nc6 3. Bc4 Bc5 4. d3 Nf6 5. O-O O-O 6. Nbd2 d5 7. exd5 Nxd5 8.
Re1 Bg4 9. h3 Bh5 10. Ne4 Bb6 11. Ng3 Bg6 12. Nxe5 Qd6 13. Nxg6 Qxg3 14. Nxf8
Bxf2+ 15. Kf1 Bxe1 16. Qxe1 Qxe1+ 17. Kxe1 Ndb4 18. Kd1 Kxf8 19. a3 Na6 20. Bf4
Rc8 21. Bxa6 bxa6 22. Kd2 Ke7 23. Re1+ Kd7 24. Re4 a5 25. g4 f5 26. gxf5 Rf8
27. Be5 Rxf5 28. Bxg7 h5 29. h4 a6 30. Ke2 Kd6 31. Bh6 Kd7 32. Bf4 Rf7 33. Rc4
Rg7 34. Bg5 Kd6 35. Ke3 Rg8 36. Bf4+ Kd7 37. Rc5 Re8+ 38. Kf2 Rh8 39. d4 1-0

[Event "Pardubice Open A"]
[Site "?"]
[Date "2015.07.29"]
[Round "6.50"]
[White "ROEDER, Matthias"]
[Black "TOMAZINI, Aljosa"]
[Result "1/2-1/2"]
[WhiteElo "2411"]
[BlackElo "2309"]
[PlyCount "27"]
[EventDate "2015.??.??"]
[WhiteClock "1:31:25"]
[BlackClock "1:31:48"]

1. Nf3 Nf6 2. c4 c5 3. g3 d5 4. cxd5 Nxd5 5. Bg2 Nc6 6. d4 cxd4 7. Nxd4 Ndb4 8.
Nxc6 Qxd1+ 9. Kxd1 Nxc6 10. Be3 Bd7 11. Nc3 g6 12. Rc1 Bg7 13. Ke1 O-O 14. f4
1/2-1/2

[Event "Pardubice Open A"]
[Site "?"]
[Date "2015.07.29"]
[Round "6.51"]
[White "LOKANDER, Martin"]
[Black "YURTSEVEN, Melih"]
[Result "1/2-1/2"]
[WhiteElo "2403"]
[BlackElo "2299"]
[PlyCount "99"]
[EventDate "2015.??.??"]
[WhiteClock "1:26:59"]
[BlackClock "0:04:30"]

1. d4 g6 2. c4 Nf6 3. Nc3 Bg7 4. e4 O-O 5. Nf3 c5 6. d5 e6 7. h3 exd5 8. exd5
Re8+ 9. Be2 d6 10. O-O Ne4 11. Nxe4 Rxe4 12. Bd3 Re8 13. Qc2 Na6 14. a3 Bd7 15.
Bf4 Qe7 16. Rae1 Qf8 17. Ng5 Rad8 18. Ne4 Bf5 19. Nc3 Bxd3 20. Qxd3 Nc7 21. b4
Na6 22. b5 Nc7 23. Ne4 Re7 24. b6 axb6 25. Rb1 Ne8 26. Rxb6 Red7 27. Qg3 h6 28.
h4 Qe7 29. Nc3 Nf6 30. Bd2 Ne4 31. Nxe4 Qxe4 32. Qf4 Re8 33. h5 g5 34. Qxe4
Rxe4 35. Rc1 Kf8 36. a4 Bd4 37. Bc3 Bxc3 38. Rxc3 Re1+ 39. Kh2 Ra1 40. Rcb3
Rxa4 41. Rxb7 Rxb7 42. Rxb7 Ke8 43. Rb8+ Ke7 44. Rh8 Rxc4 45. Rxh6 Rh4+ 46. Kg1
c4 47. Rh8 c3 48. Rc8 Rxh5 49. Rxc3 Rh4 50. Rc7+ 1/2-1/2

[Event "Pardubice Open A"]
[Site "?"]
[Date "2015.07.29"]
[Round "6.52"]
[White "BASHIRLI, Nail"]
[Black "PLISCHKI, Sebastian"]
[Result "1-0"]
[WhiteElo "2235"]
[BlackElo "2398"]
[PlyCount "119"]
[EventDate "2015.??.??"]
[WhiteClock "0:01:24"]
[BlackClock "0:12:18"]

1. e4 c5 2. Nf3 d6 3. d4 cxd4 4. Nxd4 Nf6 5. Nc3 a6 6. Bc4 e6 7. Bb3 Nbd7 8.
Bg5 Nc5 9. O-O Be7 10. Re1 O-O 11. f4 h6 12. Bh4 Qc7 13. Qf3 b5 14. e5 dxe5 15.
fxe5 Bb7 16. exf6 Bxf3 17. fxe7 Rfe8 18. Nxf3 b4 19. Na4 g5 20. Bg3 Qxe7 21.
Nb6 Nxb3 22. axb3 Qc5+ 23. Bf2 Qxc2 24. Nd4 Qxb2 25. Rab1 Qc3 26. Rbc1 Qd3 27.
Nxa8 Rxa8 28. Rcd1 Qg6 29. Nc6 Qc2 30. Nxb4 Qxb3 31. Nc6 a5 32. Rb1 Qc3 33.
Rbc1 Qb3 34. Bd4 a4 35. Rf1 a3 36. Ne7+ Kf8 37. Rc7 e5 38. Ng6+ Kg8 39. Nxe5
Qb4 40. Rd7 a2 41. Nc6 Qc4 42. Ne5 Qb4 43. Ba1 Qb6+ 44. Kh1 Ra7 45. Rdd1 Qe6
46. h3 Kh7 47. Ng4 f5 48. Nf6+ Kg6 49. Rfe1 Qb3 50. Rd6 Kf7 51. Nd7 Rxd7 52.
Rxd7+ Kg6 53. Rd6+ Kh5 54. Bg7 Kh4 55. Rxh6+ Kg3 56. Rc6 Qb7 57. Be5+ Kf2 58.
Rec1 f4 59. R6c2+ Kg3 60. Rxa2 1-0

[Event "Pardubice Open A"]
[Site "?"]
[Date "2015.07.29"]
[Round "6.53"]
[White "MALEK, Daniel"]
[Black "ALEXIADIS, Hristos"]
[Result "1-0"]
[WhiteElo "2398"]
[BlackElo "2296"]
[PlyCount "115"]
[EventDate "2015.??.??"]
[WhiteClock "0:12:36"]
[BlackClock "0:26:03"]

1. d4 Nf6 2. c4 g6 3. Nc3 Bg7 4. e4 d6 5. Nf3 O-O 6. Be2 Na6 7. O-O e5 8. Re1
c6 9. Be3 exd4 10. Nxd4 Re8 11. f3 d5 12. cxd5 cxd5 13. Bb5 Rf8 14. e5 Ne8 15.
Bxa6 bxa6 16. Nc6 Qc7 17. Nxd5 Qb7 18. Bc5 Be6 19. Rc1 Qxb2 20. Re2 Qb7 21. Kh1
Kh8 22. Bxf8 Bxf8 23. Nf6 Bh6 24. Rc3 Nxf6 25. exf6 Qc7 26. Qd4 Rc8 27. Rec2
Qb7 28. Qxa7 Qxa7 29. Nxa7 Rd8 30. g3 Bg5 31. Kg2 Bxf6 32. Rc6 Rd1 33. Rxa6 Bd4
34. Rxe6 Rg1+ 35. Kh3 fxe6 36. Nc6 Bb6 37. Rb2 Bc5 38. Re2 Ra1 39. Nd8 h5 40.
Nxe6 Bb6 41. Nf4 Kh7 42. Nxg6 Kxg6 43. Re6+ Kf5 44. Rxb6 Rxa2 45. f4 h4 46.
Rb5+ Kf6 47. Kxh4 Rxh2+ 48. Kg4 Rg2 49. Rb6+ Kg7 50. f5 Rg1 51. Kf4 Kf7 52. g4
Rc1 53. Rb7+ Kf8 54. Kg5 Rc6 55. f6 Rc4 56. Kf5 Rc8 57. g5 Kg8 58. Kg6 1-0

[Event "Pardubice Open A"]
[Site "?"]
[Date "2015.07.29"]
[Round "6.54"]
[White "TSAKNAKIS, Zisis"]
[Black "JASNY, Stanislav"]
[Result "1/2-1/2"]
[WhiteElo "2235"]
[BlackElo "2395"]
[PlyCount "55"]
[EventDate "2015.??.??"]
[WhiteClock "0:31:56"]
[BlackClock "0:38:40"]

1. e4 c5 2. Nf3 b6 3. c4 Bb7 4. Nc3 e6 5. d4 cxd4 6. Nxd4 d6 7. Bd3 Nf6 8. O-O
Nbd7 9. Qe2 a6 10. a4 Qc7 11. a5 bxa5 12. Nb3 Ne5 13. Nxa5 Nxd3 14. Qxd3 Be7
15. Bf4 O-O 16. c5 e5 17. cxd6 Bxd6 18. Nxb7 Qxb7 19. Bg5 Ne8 20. Qd5 Qxd5 21.
Nxd5 f6 22. Be3 Nc7 23. Nb6 Rad8 24. Nc4 Be7 25. Na5 Rd7 26. Nc6 Ra8 27. Nxe7+
Rxe7 28. Rfc1 1/2-1/2

[Event "Pardubice Open A"]
[Site "?"]
[Date "2015.07.29"]
[Round "6.55"]
[White "GRINBERG, Eyal"]
[Black "SOYSAL, Serkan"]
[Result "1-0"]
[WhiteElo "2387"]
[BlackElo "2293"]
[PlyCount "65"]
[EventDate "2015.??.??"]
[WhiteClock "0:02:23"]
[BlackClock "0:18:02"]

1. e4 e5 2. Nf3 Nc6 3. Bb5 a6 4. Ba4 Nge7 5. O-O g6 6. c3 Bg7 7. d4 exd4 8.
cxd4 b5 9. Bc2 d5 10. exd5 Nxd5 11. Bg5 Nde7 12. Nc3 h6 13. Be3 b4 14. Ne4 Be6
15. Ba4 Bd5 16. Qc2 O-O 17. Ne5 Nxe5 18. dxe5 Bxe5 19. Bxh6 Nf5 20. Bxf8 Qh4
21. Ng3 Rxf8 22. Rad1 Nd4 23. Qd2 Kg7 24. Qe3 Bf6 25. h3 Rh8 26. Bd7 c5 27. b3
Rd8 28. Bg4 Bc6 29. Qf4 Kg8 30. Rfe1 Bg7 31. Qc7 f5 32. Re7 fxg4 33. Qxd8+ 1-0

[Event "Pardubice Open A"]
[Site "?"]
[Date "2015.07.29"]
[Round "6.56"]
[White "KARAS, Marek"]
[Black "MARTYNOV, Pavel"]
[Result "1/2-1/2"]
[WhiteElo "2227"]
[BlackElo "2385"]
[PlyCount "57"]
[EventDate "2015.??.??"]
[WhiteClock "0:36:01"]
[BlackClock "0:10:56"]

1. d4 Nf6 2. Nf3 g6 3. Bg5 Bg7 4. Nbd2 d6 5. e4 O-O 6. Be2 h6 7. Bh4 c5 8. dxc5
dxc5 9. c3 Nc6 10. O-O Nh5 11. Re1 Qc7 12. Qc2 Be6 13. Nc4 Rad8 14. Rad1 b6 15.
a4 Nf4 16. Bf1 Rxd1 17. Rxd1 Bg4 18. Be2 Nxe2+ 19. Qxe2 Rd8 20. Bg3 Qc8 21. Ne3
Rxd1+ 22. Qxd1 Qd7 23. Qxd7 Bxd7 24. Nc4 Kf8 25. Kf1 Bc8 26. Ke1 Ba6 27. Nfe5
Nxe5 28. Nxe5 Bxe5 29. Bxe5 1/2-1/2

[Event "Pardubice Open A"]
[Site "?"]
[Date "2015.07.29"]
[Round "6.57"]
[White "GHENG, Josef"]
[Black "OKUN, Leonid"]
[Result "0-1"]
[WhiteElo "2376"]
[BlackElo "2277"]
[PlyCount "100"]
[EventDate "2015.??.??"]
[WhiteClock "0:28:10"]
[BlackClock "0:30:28"]

1. c4 c5 2. Nf3 Nf6 3. g3 Nc6 4. Nc3 d5 5. cxd5 Nxd5 6. Bg2 Nc7 7. O-O e5 8. d3
Be7 9. b3 O-O 10. Bb2 Be6 11. Rc1 Na6 12. Re1 Qd7 13. a3 Rac8 14. Ne4 f6 15. h4
Rfd8 16. Ned2 Bf8 17. Kh2 Nc7 18. Ne4 b6 19. b4 cxb4 20. Rxc6 Qxc6 21. Nxe5 Qb5
22. a4 Qa6 23. Nc6 Re8 24. Nd4 Bd5 25. Nb5 Bxe4 26. Nxc7 Rxc7 27. dxe4 Qc8 28.
e5 fxe5 29. Qd5+ Kh8 30. Be4 Rd7 31. Qb3 Rd2 32. Ba1 Bc5 33. Kg2 Qe6 34. Qb1
Rf8 35. f3 Qa2 36. Qxa2 Rxa2 37. Bxe5 Rd8 38. h5 h6 39. g4 Be7 40. Kg3 Bd6 41.
Bxd6 Rxd6 42. Rc1 Rd8 43. Rc4 Rxa4 44. Bg6 b5 45. Rc5 a6 46. e4 b3 47. e5 Rc4
48. Rxc4 bxc4 49. e6 c3 50. e7 Rb8 0-1

[Event "Pardubice Open A"]
[Site "?"]
[Date "2015.07.29"]
[Round "6.58"]
[White "SEGER, Ruediger"]
[Black "STRUGNELL, Carl"]
[Result "1/2-1/2"]
[WhiteElo "2371"]
[BlackElo "2275"]
[PlyCount "61"]
[EventDate "2015.??.??"]
[WhiteClock "0:14:01"]
[BlackClock "0:48:37"]

1. e4 e6 2. d4 d5 3. Nc3 Bb4 4. e5 c5 5. a3 Bxc3+ 6. bxc3 Ne7 7. Qg4 O-O 8. Bd3
f5 9. exf6 Rxf6 10. Bg5 Rf7 11. Qh5 g6 12. Qd1 Nbc6 13. Nf3 Qf8 14. h4 c4 15.
Be2 h6 16. Bd2 Nf5 17. Qc1 Rh7 18. Bf4 Nd6 19. Ne5 Nxe5 20. Bxe5 Bd7 21. O-O
Ba4 22. h5 Be8 23. Bg4 Nf5 24. hxg6 Bxg6 25. Qd2 Rc8 26. Bh3 Rc6 27. Rfb1 Nh4
28. Bg3 Nf5 29. Be5 Nh4 30. Bg3 Nf5 31. Be5 1/2-1/2

[Event "Pardubice Open A"]
[Site "?"]
[Date "2015.07.29"]
[Round "6.59"]
[White "VARITSKI, Igor"]
[Black "OGANIAN, Miran"]
[Result "0-1"]
[WhiteElo "2214"]
[BlackElo "2370"]
[PlyCount "72"]
[EventDate "2015.??.??"]
[WhiteClock "0:03:38"]
[BlackClock "0:03:21"]

1. e4 c5 2. Nf3 Nc6 3. Bb5 Na5 4. c3 a6 5. Ba4 b5 6. Bc2 Bb7 7. O-O e6 8. d4
cxd4 9. cxd4 Nf6 10. Re1 Be7 11. a3 d5 12. e5 Ne4 13. Nbd2 Nxd2 14. Qxd2 Rc8
15. Re2 Qc7 16. b4 Nc4 17. Qf4 Nb6 18. Ne1 Qc3 19. Rb1 g5 20. Qe3 Qxe3 21. Rxe3
a5 22. bxa5 Nc4 23. Rg3 Ba6 24. Bd1 Nxa5 25. Bxg5 Bxg5 26. Rxg5 Ke7 27. Nd3 Rc4
28. Nc5 Ra8 29. Rg4 Nc6 30. Nb3 Bc8 31. Be2 Rxa3 32. Bxc4 dxc4 33. Nc5 b4 34.
Rg3 c3 35. h3 Nxd4 36. Re3 c2 0-1

[Event "Pardubice Open A"]
[Site "?"]
[Date "2015.07.29"]
[Round "6.60"]
[White "SKLIAROV, Viktor"]
[Black "WARAKOMSKA, Anna"]
[Result "1-0"]
[WhiteElo "2368"]
[BlackElo "2274"]
[PlyCount "33"]
[EventDate "2015.??.??"]
[WhiteClock "0:22:18"]
[BlackClock "0:11:58"]

1. e4 e5 2. Nc3 Nf6 3. Bc4 Nxe4 4. Qh5 Nd6 5. Bb3 Be7 6. Qxe5 O-O 7. d4 Bf6 8.
Qf4 Re8+ 9. Nge2 b6 10. Be3 Ba6 11. O-O-O Nc6 12. Ng3 Na5 13. Bd5 Bb7 14. Nh5
Be7 15. Rhe1 c6 16. Ne4 Nxe4 17. Qxf7+ 1-0

[Event "Pardubice Open A"]
[Site "?"]
[Date "2015.07.29"]
[Round "6.61"]
[White "XYLOGIANNOPOULOS, Antonios"]
[Black "SZOTKOWSKI, Jakub"]
[Result "1-0"]
[WhiteElo "2153"]
[BlackElo "2356"]
[PlyCount "63"]
[EventDate "2015.??.??"]
[WhiteClock "0:18:38"]
[BlackClock "0:05:32"]

1. e4 c5 2. c3 Nf6 3. e5 Nd5 4. d4 cxd4 5. Nf3 e6 6. cxd4 d6 7. Bc4 Nc6 8. O-O
Be7 9. Qe2 O-O 10. Nc3 Nxc3 11. bxc3 dxe5 12. dxe5 Qc7 13. Qe4 b6 14. Bd3 g6
15. Bh6 Rd8 16. Rad1 Bb7 17. Qf4 Rd5 18. Be4 Rxd1 19. Rxd1 Rd8 20. Re1 Qd7 21.
h4 Qe8 22. h5 Na5 23. Ng5 Bd5 24. Re3 Nc6 25. Bd3 Bxa2 26. Ne4 f5 27. exf6 e5
28. Qg5 Ba3 29. f7+ Qxf7 30. Nf6+ Kh8 31. hxg6 hxg6 32. Qh4 1-0

[Event "Pardubice Open A"]
[Site "?"]
[Date "2015.07.29"]
[Round "6.62"]
[White "WALTER, Florian"]
[Black "AHARON, Ofir"]
[Result "0-1"]
[WhiteElo "2140"]
[BlackElo "2355"]
[PlyCount "124"]
[EventDate "2015.??.??"]
[WhiteClock "0:45:34"]
[BlackClock "0:06:35"]

1. c4 g6 2. g3 c5 3. Bg2 Bg7 4. Nc3 Nc6 5. a3 e6 6. Rb1 a5 7. d3 Nge7 8. Nf3
O-O 9. O-O d5 10. Bd2 b6 11. Ne1 Bb7 12. Nc2 d4 13. Na4 Ra6 14. Ne1 Qa8 15. Qb3
Nc8 16. Nf3 e5 17. Ra1 Re8 18. Rfb1 h6 19. Qd1 e4 20. Ne1 Ne5 21. b4 cxb4 22.
axb4 e3 23. Bc1 exf2+ 24. Kxf2 Ng4+ 25. Kg1 Ne3 26. Bxe3 dxe3 27. Bxb7 Qxb7 28.
b5 Ra7 29. Ra2 Nd6 30. Rc2 Nf5 31. Nf3 Qb8 32. Qf1 Rb7 33. Qh3 Qd6 34. Nc3 Rc8
35. Nd5 Qxd5 36. cxd5 Rxc2 37. Qg4 Rbc7 38. Qf4 Rd7 39. Qb8+ Kh7 40. Qxb6 Rxe2
41. Qc6 Rd6 42. b6 Rxc6 43. dxc6 Nd4 44. Nxd4 Bxd4 45. c7 Rc2 46. b7 e2+ 47.
Kh1 Rd2 48. b8=Q Rd1+ 49. Kg2 e1=Q 50. Rxd1 Qe2+ 51. Kh3 Qh5+ 52. Kg2 Qe2+ 53.
Kh3 Qxd1 54. Qb7 Qf1+ 55. Qg2 Qf5+ 56. g4 Qxd3+ 57. Qg3 Qf1+ 58. Qg2 Qd3+ 59.
Qg3 Qc4 60. Qd6 Qc3+ 61. Qg3 Qc1 62. Kg2 Bb6 0-1

[Event "Pardubice Open A"]
[Site "?"]
[Date "2015.07.29"]
[Round "6.63"]
[White "KOZLITIN, Oleg"]
[Black "KOLOLLI, Kevin"]
[Result "1-0"]
[WhiteElo "2352"]
[BlackElo "2203"]
[PlyCount "43"]
[EventDate "2015.??.??"]
[WhiteClock "0:27:36"]
[BlackClock "1:04:27"]

1. c4 Nf6 2. Nc3 e5 3. g3 g6 4. Bg2 Bg7 5. e3 O-O 6. Nge2 d6 7. O-O c6 8. d4
Be6 9. b3 Qc7 10. Ba3 Rd8 11. Rc1 Qa5 12. Bb2 d5 13. c5 Nbd7 14. a3 b5 15. dxe5
Nxe5 16. Nxb5 cxb5 17. Bxe5 Qxa3 18. Nd4 a6 19. Nc6 Rd7 20. Bd4 Rc8 21. Ra1
Qxa1 22. Qxa1 1-0

[Event "Pardubice Open A"]
[Site "?"]
[Date "2015.07.29"]
[Round "6.64"]
[White "GUTENEV, Alexander"]
[Black "KAROUSOS-THEODORAKIS, Nikolaos"]
[Result "0-1"]
[WhiteElo "2349"]
[BlackElo "2073"]
[PlyCount "42"]
[EventDate "2015.??.??"]
[WhiteClock "1:15:25"]
[BlackClock "1:04:49"]

1. e4 c5 2. Nf3 Nc6 3. d4 cxd4 4. Nxd4 g6 5. c4 Bg7 6. Be3 Nf6 7. Nc3 d6 8. Be2
O-O 9. O-O Bd7 10. Rc1 Nxd4 11. Bxd4 Bc6 12. f3 a5 13. b3 Nd7 14. Be3 Nc5 15.
Qd2 Be5 16. Rf2 e6 17. Bf1 f5 18. exf5 Rxf5 19. Ne2 Bxh2+ 20. Kh1 Qh4 21. g4
Rxf3 0-1

[Event "Pardubice Open A"]
[Site "?"]
[Date "2015.07.29"]
[Round "6.65"]
[White "BARAEVA, Irina"]
[Black "NGUYEN, Thai Dai Van"]
[Result "0-1"]
[WhiteElo "2122"]
[BlackElo "2349"]
[PlyCount "70"]
[EventDate "2015.??.??"]
[WhiteClock "0:16:06"]
[BlackClock "0:06:08"]

1. d4 Nf6 2. c4 c5 3. d5 b5 4. cxb5 a6 5. bxa6 g6 6. Nc3 Bxa6 7. e4 Bxf1 8.
Kxf1 d6 9. Nf3 Bg7 10. g3 O-O 11. Kg2 Nbd7 12. a4 Ra6 13. Qc2 Qa8 14. Nb5 Rc8
15. Bd2 c4 16. Be3 e6 17. dxe6 fxe6 18. Nd2 d5 19. f3 dxe4 20. fxe4 Ne5 21.
Rhf1 Nd3 22. Nc3 Ng4 23. Bg1 Rd8 24. Nxc4 Bxc3 25. Qxc3 Qxe4+ 26. Kh3 Rd5 27.
Ne5 Ra8 28. Rae1 Nxe1 29. Rxe1 Qf5 30. Nxg4 h5 31. Kg2 hxg4 32. Be3 Rf8 33. b4
Qf3+ 34. Kg1 Rd1 35. Bd4 Qe2 0-1

[Event "Pardubice Open A"]
[Site "?"]
[Date "2015.07.29"]
[Round "6.67"]
[White "VYBIRAL, Zdenek"]
[Black "ZANAN, Evgeny"]
[Result "1/2-1/2"]
[WhiteElo "2267"]
[BlackElo "2391"]
[PlyCount "55"]
[EventDate "2015.??.??"]
[WhiteClock "0:46:31"]
[BlackClock "0:21:15"]

1. Nf3 Nf6 2. c4 e6 3. d4 c5 4. e3 d5 5. Nc3 Nc6 6. a3 a6 7. Bd3 dxc4 8. Bxc4
b5 9. Bd3 Bb7 10. O-O Rc8 11. dxc5 Bxc5 12. b4 Bd6 13. Bb2 Ne5 14. Nxe5 Bxe5
15. Rc1 O-O 16. Qe2 Qe7 17. Nb1 Bxb2 18. Qxb2 Rfd8 19. Rxc8 Rxc8 20. Rc1 Rd8
21. Qc2 Qd7 22. Bf1 Rc8 23. Qd2 Rxc1 24. Qxc1 Qd6 25. Qd2 Qc7 26. Qc3 Qd6 27.
Qd2 Qc7 28. Qc3 1/2-1/2

[Event "Pardubice Open A"]
[Site "?"]
[Date "2015.07.29"]
[Round "6.68"]
[White "MARTIN, Julian"]
[Black "SCHUH, Dirk"]
[Result "0-1"]
[WhiteElo "2261"]
[BlackElo "2370"]
[PlyCount "83"]
[EventDate "2015.??.??"]
[WhiteClock "0:05:15"]
[BlackClock "0:03:15"]

1. e4 Nc6 2. Nf3 Nf6 3. Nc3 d5 4. e5 Ne4 5. Ne2 Bg4 6. d4 e6 7. c3 f6 8. h3
Bxf3 9. gxf3 Ng5 10. Bxg5 fxg5 11. h4 gxh4 12. Nf4 Qd7 13. Bh3 Nd8 14. Qd3 Qf7
15. Ng2 Be7 16. O-O-O Nc6 17. f4 g6 18. Ne3 O-O-O 19. c4 Kb8 20. f5 gxf5 21. c5
Bg5 22. Qb5 Qd7 23. Bf1 Nxe5 24. dxe5 Qxb5 25. Bxb5 d4 26. Rdg1 h6 27. Rxg5
hxg5 28. Nc2 Rd5 29. b4 Rxe5 30. Nxd4 Re4 31. Nf3 Rxb4 32. Bd7 Rc4+ 33. Kb1 g4
34. Rxh4 Rxh4 35. Nxh4 Re4 36. Kc2 c6 37. Kd3 Kc7 38. Be8 Kd8 39. Bh5 Ra4 40.
Ng6 Rxa2 41. Ke3 a5 42. Nf4 0-1

[Event "Pardubice Open A"]
[Site "?"]
[Date "2015.07.29"]
[Round "6.69"]
[White "VYSKOCIL, Neklan"]
[Black "OKUN, Evgeny"]
[Result "1-0"]
[WhiteElo "2370"]
[BlackElo "2252"]
[PlyCount "83"]
[EventDate "2015.??.??"]
[WhiteClock "0:22:53"]
[BlackClock "0:30:41"]

1. e4 c5 2. Nf3 g6 3. c3 Bg7 4. d4 cxd4 5. cxd4 d5 6. e5 Nc6 7. h3 Nh6 8. Nc3
O-O 9. Bf4 f6 10. Qd2 Nf7 11. exf6 exf6 12. Be2 Bf5 13. O-O Be4 14. Be3 Nd6 15.
Rfd1 Rc8 16. Rac1 Nf5 17. Bf4 Kh8 18. Kh1 Qd7 19. Ne1 Nd6 20. f3 Bf5 21. Nxd5
g5 22. Bh2 Be6 23. Nc3 Nc4 24. Bxc4 Bxc4 25. Nc2 h6 26. Ne3 Bf7 27. d5 Ne7 28.
Qd4 b6 29. d6 Nc6 30. Qa4 f5 31. Ned5 Qe6 32. Nc7 Qd7 33. Ne2 Ne5 34. Qxd7 Nxd7
35. b3 f4 36. Bg1 Rcd8 37. Nd4 Nc5 38. Nc6 Rd7 39. Bxc5 bxc5 40. Rxc5 Bb2 41.
Ra5 Rc8 42. Rxa7 1-0

[Event "Pardubice Open A"]
[Site "?"]
[Date "2015.07.29"]
[Round "6.70"]
[White "BILGUUN, Sumiya"]
[Black "FURMAN, Boris"]
[Result "1-0"]
[WhiteElo "2361"]
[BlackElo "2239"]
[PlyCount "73"]
[EventDate "2015.??.??"]
[WhiteClock "0:17:10"]
[BlackClock "0:05:25"]

1. e4 c5 2. Nf3 Nc6 3. d4 cxd4 4. Nxd4 Nf6 5. Nc3 d6 6. Bg5 e6 7. Qd2 Be7 8.
O-O-O O-O 9. f3 Nxd4 10. Qxd4 a6 11. g4 b5 12. h4 Bb7 13. Qd2 Rc8 14. Kb1 Qc7
15. Bd3 Rfe8 16. h5 Nd7 17. Bxe7 Rxe7 18. g5 Nc5 19. a3 Rd7 20. Qf4 d5 21. e5
Nxd3 22. cxd3 d4 23. Ne4 Bxe4 24. fxe4 Qc2+ 25. Ka1 Qb3 26. Rc1 Rdc7 27. Rxc7
Rxc7 28. g6 h6 29. Qh4 Rc8 30. Qe7 fxg6 31. hxg6 Rf8 32. Rc1 a5 33. Qd7 b4 34.
a4 Qxd3 35. Qxe6+ Kh8 36. Qf7 Rg8 37. Qxg8+ 1-0

[Event "Pardubice Open A"]
[Site "?"]
[Date "2015.07.29"]
[Round "6.71"]
[White "NUN, Jiri"]
[Black "BORASO, Alessio"]
[Result "1-0"]
[WhiteElo "2355"]
[BlackElo "2232"]
[PlyCount "49"]
[EventDate "2015.??.??"]
[WhiteClock "0:49:16"]
[BlackClock "0:11:35"]

1. e4 c5 2. Nf3 Nc6 3. Bb5 Nf6 4. Nc3 g6 5. O-O Bg7 6. Bxc6 dxc6 7. h3 O-O 8.
d3 Qc7 9. Be3 Nd7 10. Qd2 Rd8 11. Rad1 b6 12. Bh6 Nf8 13. Bxg7 Kxg7 14. Ne2 e5
15. Nh2 Ne6 16. f4 exf4 17. Nxf4 a5 18. Rf2 Ra7 19. Rdf1 Nxf4 20. Rxf4 Qe5 21.
b3 h6 22. Nf3 Qe7 23. Qc3+ Kh7 24. Ne5 Qd6 25. Nxc6 1-0